<?xml version="1.0" encoding="UTF-8"?>
<record
    xmlns:xsi="http://www.w3.org/2001/XMLSchema-instance"
    xsi:schemaLocation="http://www.loc.gov/MARC21/slim http://www.loc.gov/standards/marcxml/schema/MARC21slim.xsd"
    xmlns="http://www.loc.gov/MARC21/slim">

  <leader>02951cam a2200373   4500500</leader>
  <controlfield tag="005">20260322003831.0</controlfield>
  <datafield tag="041" ind1=" " ind2=" ">
    <subfield code="a">fre</subfield>
  </datafield>
  <datafield tag="042" ind1=" " ind2=" ">
    <subfield code="a">dc</subfield>
  </datafield>
  <datafield tag="100" ind1="1" ind2="0">
    <subfield code="a">Rey-Valette, H&#xE9;l&#xE8;ne</subfield>
    <subfield code="e">author</subfield>
  </datafield>
  <datafield tag="700" ind1="1" ind2="0">
    <subfield code="a">Lambert, Marie-Laure</subfield>
    <subfield code="e">author</subfield>
  </datafield>
  <datafield tag="700" ind1="1" ind2="0">
    <subfield code="a">Vianey, Gis&#xE8;le</subfield>
    <subfield code="e">author</subfield>
  </datafield>
  <datafield tag="700" ind1="1" ind2="0">
    <subfield code="a">Rulleau, B&#xE9;n&#xE9;dicte</subfield>
    <subfield code="e">author</subfield>
  </datafield>
  <datafield tag="700" ind1="1" ind2="0">
    <subfield code="a">Andr&#xE9;, Camille</subfield>
    <subfield code="e">author</subfield>
  </datafield>
  <datafield tag="700" ind1="1" ind2="0">
    <subfield code="a">Lautr&#xE9;dou-Audouy, Nicole</subfield>
    <subfield code="e">author</subfield>
  </datafield>
  <datafield tag="245" ind1="0" ind2="0">
    <subfield code="a">Acceptabilit&#xE9; des relocalisations des biens face &#xE0; l&#x2019;&#xE9;l&#xE9;vation du niveau de la mer&#xA0;: perceptions de nouveaux dispositifs de gouvernance du foncier</subfield>
  </datafield>
  <datafield tag="260" ind1=" " ind2=" ">
    <subfield code="c">2018.
							</subfield>
  </datafield>
  <datafield tag="500" ind1=" " ind2=" ">
    <subfield code="a">1</subfield>
  </datafield>
  <datafield tag="520" ind1=" " ind2=" ">
    <subfield code="a">Face aux risques d&#x2019;&#xE9;rosion littorale et de submersion marine aggrav&#xE9;s par l&#x2019;&#xE9;l&#xE9;vation du niveau de la mer, de nouvelles mesures, visant &#xE0; r&#xE9;duire la vuln&#xE9;rabilit&#xE9; des &#xE9;conomies littorales par la relocalisation des biens les plus expos&#xE9;s, sont pr&#xE9;conis&#xE9;es. Cependant, elles font face &#xE0; de fortes oppositions, tant des propri&#xE9;taires concern&#xE9;s que des &#xE9;lus locaux. &#xC0; partir d&#x2019;une enqu&#xEA;te men&#xE9;e aupr&#xE8;s de 421 r&#xE9;sidents principaux et secondaires de la commune d&#x2019;Hy&#xE8;res-les-Palmiers, cet article pr&#xE9;sente la diversit&#xE9; des perceptions des mesures de relocalisation de fa&#xE7;on &#xE0; analyser les d&#xE9;terminants de leur acceptabilit&#xE9;. Compte tenu de l&#x2019;importance des contraintes fonci&#xE8;res et financi&#xE8;res, il &#xE9;tudie notamment la faisabilit&#xE9; de plusieurs proc&#xE9;dures de rachat progressif des biens expos&#xE9;s et la capacit&#xE9; de ces dispositifs &#xE0; renforcer l&#x2019;acceptabilit&#xE9; des mesures de relocalisation.</subfield>
  </datafield>
  <datafield tag="520" ind1=" " ind2=" ">
    <subfield code="a">Faced with the menace of coastal erosion and flooding increased by sea level rise, new measures have been put forward that aim to reduce the vulnerability of coastal economies through relocation of property most at risk. These measures have however come up against strong opposition both from land owners and local politicians. From a survey of 421 main and second-home owners in the community of Hy&#xE8;res-les-Palmiers (Var, France), this article presents the range of perceptions of relocation measures in order to analyze the deciding factors in acceptability. Given the importance of land constraints, the article focuses on the feasibility of several schemes for gradually repurchasing property at risk and their ability to strengthen acceptance of relocation measures.</subfield>
  </datafield>
  <datafield tag="690" ind1=" " ind2=" ">
    <subfield code="a">adaptation</subfield>
  </datafield>
  <datafield tag="690" ind1=" " ind2=" ">
    <subfield code="a">changement climatique</subfield>
  </datafield>
  <datafield tag="690" ind1=" " ind2=" ">
    <subfield code="a">gestion du foncier</subfield>
  </datafield>
  <datafield tag="690" ind1=" " ind2=" ">
    <subfield code="a">gouvernance territoriale</subfield>
  </datafield>
  <datafield tag="690" ind1=" " ind2=" ">
    <subfield code="a">relocalisation</subfield>
  </datafield>
  <datafield tag="690" ind1=" " ind2=" ">
    <subfield code="a">risques c&#xF4;tiers</subfield>
  </datafield>
  <datafield tag="690" ind1=" " ind2=" ">
    <subfield code="a">adaptation</subfield>
  </datafield>
  <datafield tag="690" ind1=" " ind2=" ">
    <subfield code="a">climatic change</subfield>
  </datafield>
  <datafield tag="690" ind1=" " ind2=" ">
    <subfield code="a">coastal risks</subfield>
  </datafield>
  <datafield tag="690" ind1=" " ind2=" ">
    <subfield code="a">land management</subfield>
  </datafield>
  <datafield tag="690" ind1=" " ind2=" ">
    <subfield code="a">relocation</subfield>
  </datafield>
  <datafield tag="690" ind1=" " ind2=" ">
    <subfield code="a">territorial governance</subfield>
  </datafield>
  <datafield tag="786" ind1="0" ind2=" ">
    <subfield code="n">G&#xE9;ographie, &#xE9;conomie, soci&#xE9;t&#xE9; | 20 | 3 | 2018-10-16 | p. 359-379 | 1295-926x</subfield>
  </datafield>
  <datafield tag="856" ind1="4" ind2="1">
    <subfield code="u">https://shs.cairn.info/revue-geographie-economie-societe-2018-3-page-359?lang=fr&amp;redirect-ssocas=7080</subfield>
  </datafield>
  <datafield tag="999" ind1=" " ind2=" ">
    <subfield code="c">1735349</subfield>
    <subfield code="d">1735349</subfield>
  </datafield>
</record>
